| 000 | 01607nam a2200265 a 4500 | ||
|---|---|---|---|
| 008 | 120416s1984 ||||||||||||||||| || u | ||
| 020 | _a007025186X | ||
| 050 | _aHD 3616.U52 Guj | ||
| 100 | _aGujarati, Damodar N | ||
| 245 | 1 | 0 | _aGovernment and business |
| 260 |
_aNew York _bMcGraw-Hill _c1984 |
||
| 300 | _axxi, 536 p. | ||
| 350 | _a0.00 | ||
| 500 | _aIncludes bibliographical references and indexes. | ||
| 650 | _aIndustrial policy--United States--History | ||
| 650 | _aINDUSTRY | ||
| 650 | _aIndustrial laws and legislation--United States--History | ||
| 650 | _aCOMMERCIAL LAW--UNITED STATES--HISTORY | ||
| 995 |
_aANNEX COLLECTION (Main Library) _D0.00 _e710491 _FCBU-MAIN LIBRARY (Kitwe) _H1 _I25.95 _jHD 3616.U52 Guj _M1 _UAVAILABLE _y003763 _ZAnnex Low-Usage Collection |
||
| 995 |
_aANNEX COLLECTION (Main Library) _D0.00 _e710492 _FCBU-MAIN LIBRARY (Kitwe) _H2 _I25.95 _jHD 3616.U52 Guj _M2 _UAVAILABLE _y003765 _ZAnnex Low-Usage Collection |
||
| 995 |
_aANNEX COLLECTION (Main Library) _D0.00 _e710490 _FCBU-MAIN LIBRARY (Kitwe) _H4 _I25.95 _jHD 3616.U52 Guj _M4 _UAVAILABLE _y003766 _ZAnnex Low-Usage Collection |
||
| 995 |
_aANNEX COLLECTION (Main Library) _D0.00 _e713068 _FCBU-MAIN LIBRARY (Kitwe) _H6 _I25.95 _jHD 3616.U52 Guj _M6 _UAVAILABLE _y003762 _ZAnnex Low-Usage Collection |
||
| 995 |
_aANNEX COLLECTION (Main Library) _D0.00 _e710489 _FCBU-MAIN LIBRARY (Kitwe) _H3 _I25.95 _jHD 3616.U52 Guj _M3 _UAVAILABLE _y003764 _ZAnnex Low-Usage Collection |
||
| 995 |
_aANNEX COLLECTION (Main Library) _D0.00 _e713069 _FCBU-MAIN LIBRARY (Kitwe) _H5 _I25.95 _jHD 3616.U52 Guj _M5 _UAVAILABLE _y003761 _ZAnnex Low-Usage Collection |
||
| 999 |
_c75983 _d75983 |
||